000 00937nam a22002777a 4500
001 7228
003 FISKH
005 20250703100625.0
008 250703b cb ||||| |||| 00| 0 eng d
020 _a9780689809989
040 _aFISKH
_beng
_cFISKH
_dFISKH
050 _aHF5381 .M399
082 _a331.7
100 _aMerriam, Eve
245 _aDaddies at work /
_cby Eve Merriam ; Illustrated by Eugenie Fernandes
260 _aNew York :
_bAladdin Paperback,
_c1989.
300 _a23 unnumbered pages :
_bcolor illustrations ;
_c21 cm
505 _aE
520 _aPortrays daddies in different jobs, including sailor daddies, tailor daddies, and lawyer daddies with egg salad sandwiches in their briefcases.
521 8 _a160
_bLexile estimate
521 8 _aE
_bRaz-Plus
650 _aCareers
_vFamily
_xCommunity helpers
700 _aFernandes, Eugenie
_eillustrator
942 _2ddc
_cBK
_n0
999 _c7228
_d7228